000
00240nam a2200085Ia 4500
008
170620s9999 xx 000 0 und d
100
_a
Narayana- P. V. V. Satya
245
0
_a
School Administration and Management
260
_b
New Delhi- Sonali Publication
260
_c
2004
999
_c
24525
_d
24525